000 00589nam a2200217Ia 4500
005 20250326144149.0
008 250326s9999 xx 000 0 und d
020 _a978-0-631021423-6
037 _aTextbook
040 _aFMSL
_beng
_cFMSL
041 _aeng
_2eng
084 _aX:51 P8
_qFMSL
100 _aBrenkert G G
_9749158
245 0 _aMarketing ethics
_cBrenkert G G
260 _aUnited Kingdom
_bUnited Kingdom, Blackwell
_c2008
300 _a256p
365 _b1647.8924999999999
650 _aMarketing
942 _cTB
_hX:51 P8
999 _c1302625
_d1302625